000 00884nam0a22002651 4500
001 rc\1105415
005 20250622150436.0
035 _a(NLR Aleph) 006350248
090 _a4793820
_c4793820
100 _a20041126d1982 |||y0rusy50 ca
101 0 _arus
102 _aRU
105 _aa |||||||||
200 1 _aГидрологические расчеты
_eУчеб. пособие
210 _aКиев
_cКГУ
_d1982
215 _a67 с., 1 л. карт.
_cкарт.
_d20
300 _aВ надзаг.: Киев. гос. ун-т им. Т.Г. Шевченко
320 _aБиблиогр.: с. 54-55
700 1 _aБудкина
_bЛ.Г.
_gЛюдмила Григорьевна
701 1 _aЛевковский
_bС.С.
_gСтепан Степанович
801 0 _aRU
_bNLR
_gpsbo
801 1 _aRU
_bELAR
_2rusmarc
852 _aNLR
_j83-4/7656
942 _cBOOK
980 _aNB